Artificial intelligence in medicine : 10th Conference on Artificial Intelligence in Medicine, AIME 2005, Aberdeen, UK, July 23-27, 2005 ; proceedings

Saved in:
Bibliographic Details
Corporate Author: Conference on Artificial Intelligence in Medicine
Other Authors: Miksch, Silvia (Editor), Hunter, J. (Jim), 1945- (Editor), Keravnou-Papailiou, Elpida (edtf)
Format: Book
Language:English
Published: Berlin : Springer, c2005.
Series:Lecture notes in computer science
Lecture notes in computer science. Lecture notes in artificial intelligence.
Subjects:
Tags: Add Tag
No Tags, Be the first to tag this record!

MARC

LEADER 00000cam a2200000 i 4500
001 1/76695
008 080305s2005 gw | ||| |||| ||eng||
020 |a 9783540278313 
020 |a 3540278311 
035 |l 10095254 
040 |a GR-MyUA  |b gre  |e AACR2 
041 0 |a eng 
082 0 |a 610.28563  |2 (22) 
110 2 |a Conference on Artificial Intelligence in Medicine. 
245 1 0 |a Artificial intelligence in medicine :   |b 10th Conference on Artificial Intelligence in Medicine, AIME 2005, Aberdeen, UK, July 23-27, 2005 ; proceedings /   |c Silvia Miksch, Jim Hunter, Elpida Keravnou (eds.).  
260 |a Berlin :   |b Springer,   |c c2005.  
300 |a xvii, 547 σ. :   |b εικ. ;   |c 24 εκ.  
490 1 |a (Lecture notes in computer science. Lecture notes in artificial intelligence   |v ; 3581)  
504 |a Περιέχει βιβλιογραφικές παραπομπές και ευρετήριο.  
650 0 0 |a Artificial intelligence  |x Medical applications  |x Congresses. 
650 0 0 |a Medical informatics  |x Congresses. 
700 1 |a Miksch, Silvia,  |e edt 
700 1 |a Hunter, J.   |q (Jim),   |d 1945-  |e edt 
700 1 |a Keravnou-Papailiou, Elpida,  |e edtf 
830 0 |a Lecture notes in computer science 
830 0 |a Lecture notes in computer science.   |p Lecture notes in artificial intelligence. 
852 |a INST  |b SAMOS  |e 20080305  |h 610.28563 CON  |p 005300026729  |q 005300026729  |t BK  |y 0 
901 |a BIBL3-2008-1 
909 |a Σ  |b 146201 
922 |a 3ΕΛΗ  |b 200802  |c ΕΠΕΑΕΚ2/ΤΜΠΕΣ  |d ΠΑΠΑΣΩΤΗΡΙΟΥ 
970 |a ΡΟΥΣΣΟΥ  |b ΚΩΝΣΤΑΝΤΙΝΑ  |z 2008/03/05